000 00741nam a22002177a 4500
008 240311b |||||||| |||| 00| 0 eng d
020 _a0745002072.
050 _aHC79.I5 G47 1988
100 _aGeorge ,Vic
_952565
245 _aWealth, poverty and starvantion;
_ba world perspective,
_cVic, George
300 _axi;
_b234p,
_c22cm.
650 _vincome distribution,
_952566
650 _vwealth,
_97285
650 _xpoor,
_948389
650 _veconomic development.
_99273
650 _vDeveloping countries;
_xincome distribution.
_952567
650 _vwealth
_xdeveloping countries
_952568
650 _vpoor;
_xdeveloping countries,
_921332
650 _vdeveloping countries;
_xeconomic conditions.
_942639
942 _2lcc
_cMONOGRAPH
999 _c131840
_d131840